Loreto College Library, Kolkata
WEBOPAC (ONLINE PUBLIC ACCESS CATALOGUE)

Diagnostic survey of rarh bengal (Record no. 661)

MARC details
000 -LEADER
fixed length control field 00517nam a2200181Ia 4500
005 - DATE AND TIME OF LATEST TRANSACTION
control field 20220726104859.0
008 - FIXED-LENGTH DATA ELEMENTS--GENERAL INFORMATION
fixed length control field 131103s9999 xx 000 0 und d
040 ## - CATALOGING SOURCE
Original cataloging agency Loreto College
041 ## - LANGUAGE CODE
Language code English
082 ## - DDC | ডিউই
Classification number | বর্গসংখ্যা 526.9
Book Number | গ্রন্থাঙ্ক BAG
100 ## - MAIN ENTRY--PERSONAL NAME | মুখ্য সংলেখ - ব্যাক্তিনাম
Personal name | ব্যাক্তিনাম Bagchi, K.
245 ## - TITLE STATEMENT | অাখ্যা বিবরণী
Title | অাখ্যা Diagnostic survey of rarh bengal
Statement of responsibility | লেখকের দায়িত্বের বিবরণ K. Bagchi and K. N. Mukherjee
260 ## - IMPRINT | প্রকাশনা ক্ষেত্র
Place of publication | প্রকাশ স্থান Calcutta
Name of publisher | প্রকাশকের নাম Department of Geography
Date of publication | প্রকাশ কাল [1980]
300 ## - PHYSICAL DESCRIPTION |
Page / Vol. No | পৃষ্ঠা / খন্ড সংখ্যা 74 p.
Other physical details | অনান্য বাহ্যিক বিবরণ ill., maps,tables
650 ## - SUBJECT ADDED ENTRY--TOPICAL TERM | বিষয় শিরোনাম - মূল বিষয়
Topical term | মূল বিষয় Mathematical Geographical Servey -
850 ## - HOLDING INSTITUTION
Holding institution LCLIB
942 ## - ADDED ENTRY ELEMENTS (KOHA)
Koha item type Books
Holdings
Withdrawn status Lost status Source of classification Damaged status Not for loan Home library Current library Date acquired Total Checkouts Full call number Accession No. Date last seen Price effective from Koha item type Coded location qualifier
    Dewey Decimal Classification     Loreto College Loreto College 04/11/2013   526.9 BAG 28898 B669 04/11/2013 04/11/2013 Books